Club de Jupiler Pro League 2023/2024 - Statistiques

Statistiques générales
  • Ce quiz a été pris 358 fois
  • Le résultat moyen est 14 sur 16
Statistiques - réponses
Par images Réponse % Correct
Anderlecht
99%
KRC Genk
98%
Standard de Liège
98%
Royal Antwerp FC
96%
Club Bruges KV
94%
Royal Charleroi SC
94%
Union Saint Gilloise
93%
KAA La Gantoise
89%
KAS Eupen
86%
KV Malines
84%
KV Courtrai
82%
Cercle Bruges
81%
RWD Molenbeek
77%
KVC Westerlo
76%
OH Louvain
76%
VV Saint Trond
76%
Aucun quiz correspondant
Distribution des résultats
% des personnes avec chaque résultat
Percentile par nombre de réponses
Votre historique - résultats
Vous n’avez pas pris ce quiz